000 00827nam a2200253 i 4500
001 bgj
100 1 _aUNDERWOOD, Mary.
245 1 0 _aEffective class management :
_ba practical approach /
_cMary Underwood.
250 _a[7th impr.].
260 _aLondon :
_bLongman,
_c1993
_aNew York.
300 _a96 pp :
_bfig., phot. ;
_c22 cm.
490 1 _aLongman keys to language teaching / Neville Grant, series ed.
500 _a1st publ. 1987.
504 _aBibliography p. 96.
650 9 _aEnglish language
_xStudy and teaching
_xForeign speakers
650 9 _aClass management
830 0 _aLongman keys to language teaching (Neville Grant, series ed.)
020 _a0582746221 (pbk)
040 _cBPK
041 0 _aeng
920 _a0-582-74622-1 (pbk)
942 _cKS
008 s uk f |000 0 eng
999 _c47748
_d47748
856 _uhttp://koha.tu.koszalin.pl/cgi-bin/koha/opac-detail.pl?biblionumber=47748
_yKatalog online BPK